Southville International School and Colleges
Your cart is empty.
  • Cart
  • Lists
    Public lists Eva Luna New books Lux_list list_1
    Your lists Log in to create your own lists
  • Log in to your account
  • Your cookies
  • Search history
Southville International School and Colleges
  • Advanced search
  • Recent comments
  • Most popular
  • Libraries

Log in to your account

Log in with GOOGLE


If you do not have an external account, but do have a local account, you can still log in:

  1. Home
  2. MARC view: An angel for Solomon Singer /
Normal view MARC view ISBD view

An angel for Solomon Singer / (Record no. 34068)

[ view plain ]
MARC details
000 -LEADER
fixed length control field 01237cam a22003618a 4500
001 - CONTROL NUMBER
control field 2959722
003 - CONTROL NUMBER IDENTIFIER
control field OSt
005 - DATE AND TIME OF LATEST TRANSACTION
control field 20140310184408.0
008 - FIXED-LENGTH DATA ELEMENTS--GENERAL INFORMATION
fixed length control field 910418s1992 nyu j 000 1 eng
010 ## - LIBRARY OF CONGRESS CONTROL NUMBER
LC control number 91015957
020 ## - INTERNATIONAL STANDARD BOOK NUMBER
International Standard Book Number 0531070824
040 ## - CATALOGING SOURCE
Original cataloging agency DLC
Transcribing agency DLC
Modifying agency DLC
042 ## - AUTHENTICATION CODE
Authentication code lcac
050 00 - LIBRARY OF CONGRESS CALL NUMBER
Classification number PZ 7
Item number .R982An 1992
100 1# - MAIN ENTRY--PERSONAL NAME
Personal name Rylant, Cynthia.
9 (RLIN) 4596
245 13 - TITLE STATEMENT
Title An angel for Solomon Singer /
Statement of responsibility, etc story by Cynthia Rylant ; paintings by Peter Catalanotto.
260 ## - PUBLICATION, DISTRIBUTION, ETC. (IMPRINT)
Place of publication, distribution, etc New York :
Name of publisher, distributor, etc Orchard Books,
Date of publication, distribution, etc 1992
300 ## - PHYSICAL DESCRIPTION
Other physical details ill. col. ;
Dimensions 27 cm.
500 ## - GENERAL NOTE
General note "A Richard Jackson book."
520 ## - SUMMARY, ETC.
Summary, etc A lonely New York City resident finds companionship and good cheer at the Westway Cafe where dreams come true.
521 ## - TARGET AUDIENCE NOTE
Target audience note
526 ## - STUDY PROGRAM INFORMATION NOTE
Reading level 1120
650 #1 - SUBJECT ADDED ENTRY--TOPICAL TERM
Topical term or geographic name as entry element Loneliness
General subdivision Fiction.
9 (RLIN) 25909
650 #1 - SUBJECT ADDED ENTRY--TOPICAL TERM
Topical term or geographic name as entry element Wishes
General subdivision Fiction.
9 (RLIN) 25910
650 #1 - SUBJECT ADDED ENTRY--TOPICAL TERM
Topical term or geographic name as entry element Restaurants
General subdivision Fiction.
9 (RLIN) 25911
651 #1 - SUBJECT ADDED ENTRY--GEOGRAPHIC NAME
Geographic name New York (N.Y.)
General subdivision Fiction.
9 (RLIN) 25912
700 1# - ADDED ENTRY--PERSONAL NAME
Personal name Catalanotto, Peter,
Relator term ill.
9 (RLIN) 25913
906 ## - LOCAL DATA ELEMENT F, LDF (RLIN)
a 7
b cbc
c orignew
d 1
e ocip
f 19
g y-gencatlg
942 ## - ADDED ENTRY ELEMENTS (KOHA)
Source of classification or shelving scheme Library of Congress Classification
Koha item type
Holdings
Withdrawn status Lost status Source of classification or shelving scheme Damaged status Home library Current library Shelving location Date acquired Total Checkouts Full call number Barcode Date last seen Copy number Price effective from Koha item type
    Library of Congress Classification   Luxembourg Library Luxembourg Library Scholastic Reading Center Section 10/08/2013   PZ 7 .R982An 1992 LEX1521 04/18/2017 1 10/08/2013 Books
    Library of Congress Classification   Luxembourg Library Luxembourg Library Scholastic Reading Center Section 10/08/2013   PZ 7 .R982An 1992 LEX1522 04/18/2017 2 10/08/2013 Books

An angel for Solomon Singer /

APA

Rylant C., Catalanotto P., . (1992). An angel for Solomon Singer. New York: Orchard Books.

Chicago

Rylant Cynthia, Catalanotto Peter, . 1992. An angel for Solomon Singer. New York: Orchard Books.

Harvard

Rylant C., Catalanotto P., . (1992). An angel for Solomon Singer. New York: Orchard Books.

MLA

Rylant Cynthia, Catalanotto Peter, . An angel for Solomon Singer. New York: Orchard Books. 1992.

  • Place hold
  • Print
  • Cite
  • Add to your cart (remove)
  • Save record
    BIBTEX Dublin Core MARCXML MARC (non-Unicode/MARC-8) MARC (Unicode/UTF-8) MARC (Unicode/UTF-8, Standard) MODS (XML) RIS
  • More searches
    Search for this title in:
    Other Libraries (WorldCat) Other Databases (Google Scholar) Online Stores (Bookfinder.com) Open Library (openlibrary.org)

Exporting to Dublin Core...

SOUTHVILLE LIBRARY

Southville International School and Colleges Library

1281 Tropical Ave. Cor. Luxembourg St., BF Homes International, Las Pinas City

Tel. No. 8256374 / 252358 Loc. 117/146

Powered by Koha